Miasta Polski powyżej 75k mieszkańców na mapie - Statystyki

Ogólne statystyki
  • Ten quiz został rozwiązany 56 razy
  • Średni wynik to 42 z 46
Odpowiedzi na mapie
Odpowiedzi zakodowano w zielono-czerwonej skali na mapie do tego quizu, zgodnie z poniższymi procentami.
 
Statystyki odpowiedzi
Województwo Odpowiedź % Poprawnych
Podlaskie Białystok 290k
100%
Pomorskie Gdańsk 490k
100%
Pomorskie Gdynia 240k
100%
Łódzkie Łódź 650k
100%
lubelskie Lublin 330k
100%
Wielkopolskie Poznań 540k
100%
Zachodnio-pomorskie Szczecin 390k
100%
Kujawsko-pomorskie Toruń 195k
100%
Mazowieckie Warszawa 1,8 mln
100%
Kujawsko-Pomorskie Bydgoszcz 320k
98%
Śląskie Częstochowa 205k
98%
Śląskie Katowice 280k
98%
Świętokrzyskie Kielce 180k
98%
Małopolskie Kraków 800k
98%
Warmińsko-Mazurskie Olsztyn 170k
98%
Opolskie Opole 125k
98%
Mazowieckie Radom 195k
98%
Podkarpackie Rzeszów 195k
98%
Dolnośląsie Wrocław 670k
98%
Lubuskie Zielona Góra 140k
98%
Warmińsko-Mazurskie Elbląg 110k
95%
Lubuskie Gorzów Wielkopolski 115k
95%
Zachodnio-Pomorskie Koszalin 105k
95%
Śląskie Bielsko-biała 165k
93%
Śląskie Gliwice 170k
93%
Śląskie Sosnowiec 190k
91%
Dolnośląskie Wałbrzych 100k
91%
Kujawsko-Pomorskie Włocławek 100k
91%
Śląskie Bytom 145k
89%
Mazowieckie Płock 110k
89%
Śląskie Rybnik 130k
89%
Śląskie Zabrze 155k
89%
Dolnośląskie Jelenia Góra 75k
86%
Pomorskie Słupsk 85k
86%
Małopolskie Tarnów 100k
86%
Śląskie Tychy 120k
86%
Śląskie Chorzów 100k
84%
Dolnośląskie Legnica 90k
84%
Śląskie Dąbrowa Górnicza 110k
82%
Małopolskie Nowy Sącz 80k
82%
Mazowieckie Siedlce 75k
82%
Wielkopolskie Kalisz 90k
80%
Śląskie Ruda Śląska 130k
80%
Kujawsko-Pomorskie Grudziądz 90k
77%
Śląskie Jaworzno 85k
66%
Śląskie Jastrzębie-Zdrój 80k
57%
Nie znaleziono quizów pasujących do podanych kryteriów
Rozkład punktacji
Procent ludzi z każdym wynikiem
Percentyl według liczby udzielonych odpowiedzi
Twoja historia wyników
Nie rozwiązałeś tego quizu